<?xml version="1.0" encoding="UTF-8"?>
<collection xmlns="http://www.loc.gov/MARC21/slim">
 <record>
  <leader>01593nam a22002297a 4500</leader>
  <controlfield tag="001">NCT_4_025714</controlfield>
  <controlfield tag="008">250827b        xxu||||| |||| 00| 0 vie d</controlfield>
  <datafield tag="999" ind1=" " ind2=" ">
   <subfield code="c">9271</subfield>
   <subfield code="d">9271</subfield>
  </datafield>
  <datafield tag="020" ind1=" " ind2=" ">
   <subfield code="a">9786049656323</subfield>
   <subfield code="c">250000</subfield>
  </datafield>
  <datafield tag="082" ind1="0" ind2="4">
   <subfield code="2">23rd ed.</subfield>
   <subfield code="a">519.5</subfield>
   <subfield code="b">T103</subfield>
  </datafield>
  <datafield tag="100" ind1="1" ind2=" ">
   <subfield code="a">Võ Văn Tài</subfield>
   <subfield code="d">Chủ biên</subfield>
  </datafield>
  <datafield tag="245" ind1="1" ind2="0">
   <subfield code="a">Nhận dạng thống kê và ứng dụng : </subfield>
   <subfield code="b">Sách chuyên khảo</subfield>
   <subfield code="c">Võ Văn Tài (Chủ biên) ; Nguyễn Trang Thảo</subfield>
  </datafield>
  <datafield tag="260" ind1=" " ind2=" ">
   <subfield code="a">Cần Thơ</subfield>
   <subfield code="b">Đại học Cần Thơ</subfield>
   <subfield code="c">2025</subfield>
  </datafield>
  <datafield tag="300" ind1=" " ind2=" ">
   <subfield code="a">234 tr.</subfield>
   <subfield code="b">Minh họa</subfield>
   <subfield code="c">28 cm</subfield>
  </datafield>
  <datafield tag="520" ind1="3" ind2=" ">
   <subfield code="a">Tài liệu mang đến một số kết quả nghiên cứu về nhận dạng thống kê và ứng dụng, được trình bày trong 4 chương: 1. Nhận dạng và thống kê dữ liệu điểm; 2. Nhận dạng thống kê hàm mật độ xác suất; 3. Nhận dạng thống kê cho dữ liệu bảng; 4. Xây dựng mô hình chuỗi thời gian.</subfield>
  </datafield>
  <datafield tag="653" ind1=" " ind2=" ">
   <subfield code="a">Cơ bản</subfield>
  </datafield>
  <datafield tag="700" ind1="1" ind2=" ">
   <subfield code="a">Nguyễn Trang Thảo</subfield>
  </datafield>
  <datafield tag="942" ind1=" " ind2=" ">
   <subfield code="2">ddc</subfield>
   <subfield code="c">BK</subfield>
  </datafield>
  <datafield tag="952" ind1=" " ind2=" ">
   <subfield code="0">0</subfield>
   <subfield code="1">0</subfield>
   <subfield code="2">ddc</subfield>
   <subfield code="4">0</subfield>
   <subfield code="6">519_500000000000000_T103</subfield>
   <subfield code="7">0</subfield>
   <subfield code="9">31319</subfield>
   <subfield code="a">000001</subfield>
   <subfield code="b">000001</subfield>
   <subfield code="d">2025-08-27</subfield>
   <subfield code="o">519.5 T103</subfield>
   <subfield code="p">MD.22392</subfield>
   <subfield code="r">2025-08-27</subfield>
   <subfield code="v">250000.00</subfield>
   <subfield code="w">2025-08-27</subfield>
   <subfield code="y">BK</subfield>
  </datafield>
  <datafield tag="952" ind1=" " ind2=" ">
   <subfield code="0">0</subfield>
   <subfield code="1">0</subfield>
   <subfield code="2">ddc</subfield>
   <subfield code="4">0</subfield>
   <subfield code="6">519_500000000000000_T103</subfield>
   <subfield code="7">0</subfield>
   <subfield code="9">31320</subfield>
   <subfield code="a">000001</subfield>
   <subfield code="b">000001</subfield>
   <subfield code="d">2025-08-27</subfield>
   <subfield code="o">519.5 T103</subfield>
   <subfield code="p">MD.22367</subfield>
   <subfield code="r">2025-08-27</subfield>
   <subfield code="v">250000.00</subfield>
   <subfield code="w">2025-08-27</subfield>
   <subfield code="y">BK</subfield>
  </datafield>
  <datafield tag="952" ind1=" " ind2=" ">
   <subfield code="0">0</subfield>
   <subfield code="1">0</subfield>
   <subfield code="2">ddc</subfield>
   <subfield code="4">0</subfield>
   <subfield code="6">519_500000000000000_T103</subfield>
   <subfield code="7">0</subfield>
   <subfield code="9">31321</subfield>
   <subfield code="a">000001</subfield>
   <subfield code="b">000001</subfield>
   <subfield code="d">2025-08-27</subfield>
   <subfield code="o">519.5 T103</subfield>
   <subfield code="p">MD.22390</subfield>
   <subfield code="r">2025-08-27</subfield>
   <subfield code="v">250000.00</subfield>
   <subfield code="w">2025-08-27</subfield>
   <subfield code="y">BK</subfield>
  </datafield>
  <datafield tag="980" ind1=" " ind2=" ">
   <subfield code="a">Thư viện Trường Đại học Nam Cần Thơ</subfield>
  </datafield>
 </record>
</collection>
